000 00554nam a22002057a 4500
003 OSt
005 20140310182829.0
008 130530t xxu||||| |||| 00| 0 eng d
020 _a9715901905
050 _aBQT 1190
_b.L832 1997
082 _aFIL 234.5
_bL83 1997
245 _aForgiving the people you love to hate /
_cLogue, Judy
260 _aPasay City :
_bPaulines Publishing House,
_c1997.
300 _a77 p. :
_c21 cm.
521 _acollege students
526 _c1210L-1700L
541 _j1
562 _e1
942 _2lcc
_cBK
_kM
999 _c16575
_d16575